| 000 | 00622cam a2200241ua 4500 | ||
|---|---|---|---|
| 020 |
_a0-07-099428-5 _c57.00 |
||
| 041 |
_aeng _h |
||
| 082 |
_a551.48 _bLIN/AP |
||
| 100 | _aLinsley, Ray.K . | ||
| 245 |
_aApplied Hydrology / _cK Ray Linsley. _hTextual Documents |
||
| 250 |
_a1 / _b. |
||
| 260 |
_aNewyork : _bMcGraw-Hill Book Company , _c1949. |
||
| 300 | _a689 ; . | ||
| 365 | _a57.00 | ||
| 504 | _a | ||
| 700 | 1 | _aKobler, Max.A . | |
| 700 | 1 | _aKohler, Max A . | |
| 700 | 1 | _aPaulhur, Joseph.L . | |
| 700 | 1 | _aPaulhus, Joseph L H . | |
| 942 | _cBK | ||
| 999 |
_c2164 _d2164 |
||